| 000 | 01239cam a22001815a 4500 | ||
|---|---|---|---|
| 001 | L157659 | ||
| 008 | 130221s1841 xxk f 000 0 eng d | ||
| 035 | _a(Sirsi) u157659 | ||
| 041 | 0 | _aeng | |
| 100 | 1 |
_aDenton, J. Bailey _q(John Bailey) _d1814-1893 |
|
| 245 | 0 | 0 |
_aOutline of a method of model mapping; with a view to append, by an application of the art of levelling to that of area surveying, the advantage of a section of elevations and depressions to the uses of a map of superficial contents; with some introductory remarks addressed to agriculturalists, landed proprietors, and persons interested in the effectual drainage of towns _cby J. Bailey Denton, ... Second edition. With notes and appendix; including the Act to enable the owners of settled estates to defray the expense of draining by way of mortgage;o an analysis of Mr. Handley's proposed measure; and some suggestions for a bill for facilitating the drainage of land, and promoting an advantageous use of water derived therefrom |
| 260 |
_aLondon _aLiverpool _bJ. Weale _bWilliam Grapel _c1841 |
||
| 300 |
_a54 p. _bill. _c8o |
||
| 583 |
_aCondition reviewed _c20130226 _lcondition level 4 |
||
| 651 | 4 |
_aGreat Britain _y1707- |
|
| 690 |
_aGeomatics _96242 |
||
| 942 | _n0 | ||
| 999 |
_c114905 _d114905 |
||